| 000 | 00968nam a22002657a 4500 | ||
|---|---|---|---|
| 001 | 4091 | ||
| 003 | FISKH | ||
| 005 | 20240606132923.0 | ||
| 008 | 240606b cb ||||| |||| 00| 0 eng d | ||
| 020 | _a9780545405744 | ||
| 040 |
_aFISKH _beng _cFISKH _dFISKH |
||
| 050 | _aF592.S123 | ||
| 082 | _a978.004 | ||
| 100 |
_aNorwich Grace _d1911 |
||
| 245 |
_aI am sacagawea / _cGrace Norwich |
||
| 260 |
_aNew York : _bScholastic, _c2012 |
||
| 300 |
_a128 pages : _billustrations ; _c2o cm |
||
| 505 | _aZ | ||
| 520 | _aA biography of Shoshoni Indian Sacagawea, known for guiding the Lewis and Clark expedition across the western half of the United States from 1804 to 1806, discussing her childhood and kidnapping by the Hidatsa tribe, her marriage to Toussaint Charbonneau, and the mystery surrounding her death. | ||
| 521 | 8 |
_a1010
_bLexile |
|
| 521 | 8 |
_aZ
_bRaz-Plus |
|
| 700 | _aGrace Norwich | ||
| 942 |
_2ddc _cBK _n0 |
||
| 999 |
_c4091 _d4091 |
||